Loading...
| History - European History | 0 | 5 | 0 | 1 | 50 | 76 | 106.60 | 2 | 5 |
| Science - Chemistry | 0 | 5 | 1 | 0 | 45 | 66 | 99.40 | 3 | 5 |
| Science - Physics | 0 | 4 | 0 | 0 | 40 | 66 | 87.25 | 1 | 4 |
| Science - Biology | 0 | 3 | 0 | 2 | 30 | 86 | 107.00 | 0 | 3 |
| Fine Arts - Visual Fine Arts | 0 | 2 | 0 | 0 | 20 | 119 | 124.00 | 0 | 2 |
| Fine Arts - Classical Music | 0 | 1 | 0 | 0 | 10 | 126 | 126.00 | 0 | 1 |
| Geography/Current Events | 0 | 1 | 0 | 0 | 10 | 81 | 81.00 | 0 | 1 |
| Literature - World/Other Literature | 0 | 1 | 0 | 0 | 10 | 100 | 100.00 | 0 | 1 |
| Philosophy | 0 | 1 | 0 | 0 | 10 | 91 | 91.00 | 1 | 1 |
| Science - Other Science | 0 | 1 | 0 | 0 | 10 | 53 | 53.00 | 1 | 1 |
| History - American History | 0 | 1 | 1 | 0 | 5 | 99 | 99.00 | 0 | 1 |
| Social Science | 0 | 0 | 1 | 0 | -5 | 0.00 | 0 | 0 | |
| History - Other History | 0 | 0 | 1 | 0 | -5 | 0.00 | 0 | 0 |